000 00462nam a2200205Ia 4500
003 0100
008 130303s9999 xx 000 0 und d
020 _a0485114666
040 _cARRUPELIB
050 _aB2430.L483N6613
100 _aLevinas, Emmanuel
245 _aProper names
260 _aLondon
260 _bThe Athlone Press
260 _C1996
300 _a191p.
300 _b 23 cm
700 _aSmith, Michael B. (ed.)
942 _2lcc
_01
999 _c64086
_d64086